000 00774nam a2200205 a 4500
003 0
005 20250514085138.0
008 021107s19uu xx 00 eng d
050 _aPGS GV 182.8
_b.En57 2002
100 _aEng, Rafael David Soren M.
245 _aRecreational activities of grade 6 male students of Southville International School /
_cRafael David Soren M. Eng.
260 _aLas PiƱas City, Philippines :
_bSouthville International School and Colleges,
_c2002.
300 _a27 pages :
_billustrations ;
_c28 cm.
504 _aIncludes bibliographical references.
650 _aBoys
_vRecreation.
650 _aSchool children
_vRecreation.
650 _aRecreation
_vPsychological aspects.
650 _aSchool children
_vRecreation.
942 _2lcc
_cPASS
999 _c96616
_d96616